<?xml version="1.0" encoding="UTF-8"?>
<marc:record xmlns:marc="http://www.loc.gov/MARC21/slim">
   <marc:leader>00000nam a2200000 a 4500</marc:leader>
   <marc:datafield ind1=" " ind2=" " tag="653">
      <marc:subfield code="a">Softcover / Schule</marc:subfield>
   </marc:datafield>
   <marc:datafield ind1=" " ind2=" " tag="653">
      <marc:subfield code="a">Lernen/Lernhilfen</marc:subfield>
   </marc:datafield>
   <marc:datafield ind1=" " ind2=" " tag="653">
      <marc:subfield code="a">Abiturwissen/Grundschule</marc:subfield>
   </marc:datafield>
   <marc:datafield ind1="0" ind2="0" tag="245">
      <marc:subfield code="a">MiniLÜK</marc:subfield>
   </marc:datafield>
   <marc:datafield ind1=" " ind2="1" tag="264">
      <marc:subfield code="a">Braunschweig</marc:subfield>
      <marc:subfield code="b">Westermann Lernspielverlage GmbH</marc:subfield>
   </marc:datafield>
   <marc:datafield ind1="1" ind2=" " tag="520">
      <marc:subfield code="a">Angaben aus der Verlagsmeldung

miniLÜK-Sets miniLÜK-Sets / miniLÜK-Set : Ganz einfach rechnen lernen: Übungsreihen zum Rechnenlernen ab 5 Jahren / von Heiner Müller

Kinderleicht ist das Spielen und Lernen mit dem miniLÜK-System. Schon Vorschulkinder können selbständing mit dem Lösungsgerät und den dazugehörigen Übungsheften umgehen.

Die anschauliche Verknüpfung von Mengen, Zahlen und einfachen Rechenaufgaben erschließt den Kindern den Zahlenraum bis 10. Zahlenvergleiche: gleich groß, gleich viele, mehr, weniger ...

Zählen und Zerlegen von Mengen mit einfachen Rechenhilfen, wie Steckwürfeln, Schüttelboxen und Zerlegehäusern, Vorgänger und Nachfolger, Zahlenfolgen. So werden die Kinder systematisch an den Erstrechenunterricht in der Schule herangeführt.
</marc:subfield>
   </marc:datafield>
   <marc:datafield ind1=" " ind2=" " tag="020">
      <marc:subfield code="a">9783837742336</marc:subfield>
      <marc:subfield code="9">9783837742336</marc:subfield>
   </marc:datafield>
   <marc:datafield ind1=" " ind2=" " tag="020">
      <marc:subfield code="a">3837742334</marc:subfield>
      <marc:subfield code="9">3837742334</marc:subfield>
   </marc:datafield>
   <marc:datafield ind1=" " ind2=" " tag="041">
      <marc:subfield code="a">ger</marc:subfield>
   </marc:datafield>
   <marc:datafield ind1=" " ind2=" " tag="300">
      <marc:subfield code="a">ca. 32 S.</marc:subfield>
   </marc:datafield>
</marc:record>
